[Event "Olimpiade 2014 - Open"]
[Site "Tromsø"]
[Date "11.08.2014"]
[Round "9.56"]
[Board "1"]
[White "Shobaita, Ahmed"]
[Black "De La Riva Aguado, Oscar"]
[Result "1/2-1/2"]
[WhiteTitle "CM"]
[BlackTitle "GM"]
[WhiteElo "2067"]
[BlackElo "2523"]
[WhiteTeam "Palestine"]
[BlackTeam "Andorra"]
[WhiteFideId "11500336"]
[BlackFideId "6900224"]
[EventDate "2014.08.02"]

1. Nf3 g6 2. g3 Bg7 3. d4 c5 4. c3 d5 5. Bg2 Nf6 6. O-O O-O 7. Bf4 Nc6 8. Nbd2
cxd4 9. Nxd4 Nxd4 10. cxd4 Qb6 11. Nb3 a5 12. Be5 Bf5 13. Qd2 Qb5 14. Rac1 b6
15. Rc3 a4 16. Na1 Rfd8 17. f3 Bf8 18. Rfc1 Ne8 19. a3 f6 20. Bc7 Rd7 21. g4 Be6
22. Bf4 Nd6 23. Bxd6 Rxd6 24. e3 Bh6 25. Bf1 Qe8 26. Nc2 f5 27. h3 Qf8 28. Be2
f4 29. Kg2 Qf6 30. Bb5 Rf8 31. Rf1 Bc8 32. exf4 Bxf4 33. Qf2 e5 34. Rc7 e4 35.
fxe4 Qd8 36. Ra7 Rdf6 37. Qh4 h6 38. e5 Bg5 39. Rxf6 Bxh4 40. Rxg6+ Kh8 41.
Rxh6+ Kg8 42. Rg6+ 1/2-1/2

[Event "Olimpiade 2014 - Open"]
[Site "Tromsø"]
[Date "11.08.2014"]
[Round "9.56"]
[Board "2"]
[White "Simonet, Marc"]
[Black "Miswadah, Baha"]
[Result "1/2-1/2"]
[WhiteTitle "FM"]
[WhiteElo "2222"]
[BlackElo "1803"]
[WhiteTeam "Andorra"]
[BlackTeam "Palestine"]
[WhiteFideId "6900127"]
[BlackFideId "11502118"]
[EventDate "2014.08.02"]

1. d4 d5 2. c4 c6 3. Nf3 Nf6 4. Nc3 e6 5. Bg5 Be7 6. e3 Nbd7 7. Rc1 O-O 8. Bd3
h6 9. Bh4 Re8 10. O-O dxc4 11. Bxc4 b5 12. Bd3 Bb7 13. Qe2 a6 14. Rfd1 Rc8 15.
e4 c5 16. Bb1 cxd4 17. Nxd4 Qc7 18. Bg3 Qb6 19. e5 Nd5 20. Qd3 Nf8 21. Nxd5 Bxd5
22. Rxc8 Rxc8 23. Nf5 Bg5 24. h4 exf5 25. Qxd5 Rd8 26. Qf3 Rxd1+ 27. Qxd1 f4 28.
Bh2 Bxh4 29. Qd2 Qd8 30. Qxd8 Bxd8 31. Bxf4 Bb6 32. b3 Ne6 33. Bg3 Kf8 34. Kf1
Ke7 35. f4 Be3 36. f5 Ng5 37. Ke2 Bc5 38. Kd3 g6 39. fxg6 fxg6 40. Bh4 Ke6 41.
Bxg5 hxg5 42. Ke4 Ba3 43. Bd3 Bb2 44. a4 bxa4 45. Bc4+ Ke7 46. bxa4 a5 47. Kd5
Bc3 48. Bd3 g4 49. Bxg6 g3 50. Bf5 Bb2 51. Bg4 Bc3 52. Ke4 Bb4 1/2-1/2

[Event "Olimpiade 2014 - Open"]
[Site "Tromsø"]
[Date "11.08.2014"]
[Round "9.56"]
[Board "3"]
[White "Tamra, Attallah"]
[Black "Garcia Paolicchi, Raul"]
[Result "1/2-1/2"]
[BlackTitle "FM"]
[WhiteElo "2081"]
[BlackElo "2176"]
[WhiteTeam "Palestine"]
[BlackTeam "Andorra"]
[WhiteFideId "11500255"]
[BlackFideId "6900020"]
[EventDate "2014.08.02"]

1. d4 d5 2. c4 c6 3. Nf3 Nf6 4. e3 Bf5 5. Nc3 e6 6. Nh4 Bg6 7. Nxg6 hxg6 8. g3
Nbd7 9. cxd5 exd5 10. Bg2 Bd6 11. O-O O-O 12. e4 dxe4 13. Nxe4 Nxe4 14. Bxe4 Qa5
15. Bd2 Bb4 16. Be3 Rfe8 17. Bg2 Nb6 18. a3 Be7 19. Qb3 Bf6 20. Rfd1 Rad8 21.
Rac1 Qa4 22. Qa2 Nd5 23. Rd3 Qa5 24. Qb3 Qa6 25. Rc5 Nxe3 26. fxe3 Qb6 27. Rc4
Qxb3 28. Rxb3 Re7 29. Rcb4 Rdd7 30. Bh3 Rc7 31. Bg2 Red7 32. Rc4 Kf8 33. a4 Bd8
34. e4 Bg5 35. Kf2 Bd2 36. Rd3 Bg5 37. Rdc3 Bd2 38. Rc2 Ba5 39. b4 Bb6 40. Ke3
a5 41. bxa5 Bxa5 42. Rb2 Re7 43. Kd3 Rcd7 44. Rc5 Bd8 45. a5 f6 46. a6 bxa6 47.
Rxc6 Rb7 48. Rxb7 Rxb7 49. Rxa6 Rb2 50. Bh3 Rxh2 51. Be6 Ke7 52. Kc4 Rb2 53. g4
Rb6 54. Rxb6 Bxb6 55. Kd5 Bxd4 56. Bc8 Bb2 57. Be6 1/2-1/2

[Event "Olimpiade 2014 - Open"]
[Site "Tromsø"]
[Date "11.08.2014"]
[Round "9.56"]
[Board "4"]
[White "Jose Queralto, Daniel"]
[Black "Michel Yunis, Christian D."]
[Result "0-1"]
[WhiteTitle "CM"]
[BlackTitle "IM"]
[WhiteElo "2122"]
[BlackElo "2311"]
[WhiteTeam "Andorra"]
[BlackTeam "Palestine"]
[WhiteFideId "6900089"]
[BlackFideId "3400085"]
[EventDate "2014.08.02"]

1. e4 Nf6 2. e5 Nd5 3. d4 d6 4. exd6 Qxd6 5. c4 Nf6 6. Nc3 c6 7. Be2 Bf5 8. Nf3
h6 9. Ne5 Nbd7 10. Bf4 Nxe5 11. dxe5 Qxd1+ 12. Nxd1 Nd7 13. Ne3 Be6 14. Bg3 g5
15. h4 Bg7 16. hxg5 hxg5 17. Rxh8+ Bxh8 18. Bg4 Nxe5 19. Bxe6 fxe6 20. Bxe5 Bxe5
21. O-O-O c5 22. Ng4 Bd4 23. Rh1 Kf7 24. Kc2 Kg6 25. Re1 Rh8 26. b3 Kf5 27. f3
e5 28. Kd3 e6 29. Kc2 a6 30. Re4 Rh1 31. Ne3+ Kg6 32. Ng4 Ra1 33. Nxe5+ Kg7 34.
Nd7 Rxa2+ 35. Kd3 Kf7 36. Ne5+ Ke7 37. Ng6+ Kf6 38. Nf8 Rb2 39. Nxe6 Rxb3+ 40.
Ke2 Rb2+ 41. Kd3 Bg1 42. g4 a5 43. f4 gxf4 44. Nxf4 a4 45. Ne2 Bh2 46. Re8 Be5
47. g5+ Kf5 48. g6 Bg7 49. Ra8 Rb3+ 50. Kc2 Rb4 51. Kd3 Kxg6 52. Nf4+ Kf5 53.
Nd5 Rb3+ 54. Kc2 Rb2+ 55. Kd3 Ra2 56. Ra7 Ra1 57. Rxb7 Bd4 58. Ra7 Bb2 59. Ne3+
Ke5 60. Nc2 Rh1 61. Rxa4 Rh3+ 62. Kd2 Bc3+ 63. Ke2 Ke4 64. Ra8 Rh2+ 65. Kd1 Kd3
66. Rd8+ Bd4 67. Ne1+ Kc3 68. Rg8 Rd2+ 69. Kc1 Be3 70. Rg3 Rd3+ 71. Kb1 Rd1+ 0-1

[Event "Olimpiade 2014 - Open"]
[Site "Tromsø"]
[Date "11.08.2014"]
[Round "9.57"]
[Board "1"]
[White "Machin Rivera, Mark"]
[Black "Emojong, Elijah"]
[Result "1-0"]
[WhiteTitle "FM"]
[BlackTitle "IM"]
[WhiteElo "2341"]
[BlackElo "2334"]
[WhiteTeam "Puerto Rico"]
[BlackTeam "Uganda"]
[WhiteFideId "3101126"]
[BlackFideId "10000402"]
[EventDate "2014.08.02"]

1. c4 c5 2. g3 g6 3. Bg2 Bg7 4. Nc3 Nc6 5. e3 e5 6. Nge2 Nge7 7. O-O O-O 8. d3
d6 9. b3 Rb8 10. Bb2 Be6 11. Nd5 b5 12. Qd2 f5 13. f4 a6 14. Rac1 b4 15. Rfd1
Bf7 16. Nxe7+ Nxe7 17. fxe5 dxe5 18. d4 cxd4 19. exd4 exd4 20. Bxd4 Bxd4+ 21.
Qxd4 Qa5 22. Qb2 Rbd8 23. Nf4 g5 24. Nh3 h6 25. Qf6 Qc5+ 26. Kh1 Bg6 27. Rxd8
Rxd8 28. Re1 Rd7 29. Qe6+ 1-0

[Event "Olimpiade 2014 - Open"]
[Site "Tromsø"]
[Date "11.08.2014"]
[Round "9.57"]
[Board "2"]
[White "Kawuma, Patrick"]
[Black "Almedina Ortiz, Edgardo J."]
[Result "1-0"]
[WhiteTitle "CM"]
[BlackTitle "FM"]
[WhiteElo "2261"]
[BlackElo "2277"]
[WhiteTeam "Uganda"]
[BlackTeam "Puerto Rico"]
[WhiteFideId "10000127"]
[BlackFideId "3100197"]
[EventDate "2014.08.02"]

1. c4 Nf6 2. Nf3 g6 3. b4 Bg7 4. Bb2 O-O 5. g3 d6 6. Bg2 e5 7. O-O e4 8. Nd4 c5
9. bxc5 dxc5 10. Nb3 Qe7 11. Nc3 Rd8 12. Qc1 Nc6 13. Nd5 Nxd5 14. Bxg7 Kxg7 15.
cxd5 Rxd5 16. d3 Bf5 17. dxe4 Bxe4 18. f3 Bc2 19. Qxc2 Qe3+ 20. Kh1 Rad8 21. f4
R5d6 22. Rac1 b6 23. Qc3+ Qxc3 24. Rxc3 Nb4 25. a3 Nd5 26. Bxd5 Rxd5 27. Kg2 f5
28. Kf2 Kf6 29. Rb1 R8d6 30. a4 Ke7 31. Nc1 Rd1 32. a5 Kd8 33. Rb2 Rh1 34. Rd3
Rxd3 35. Nxd3 Kc7 36. h4 Ra1 37. axb6+ axb6 38. Ne5 Ra4 39. Kf3 Ra3+ 40. Kf2 Ra4
41. e3 Kb7 42. Nd7 Kc6 43. Nxb6 Rb4 44. Rxb4 cxb4 45. Nc4 Kc5 46. Nd2 Kb5 47. e4
fxe4 48. Ke3 1-0

[Event "Olimpiade 2014 - Open"]
[Site "Tromsø"]
[Date "11.08.2014"]
[Round "9.57"]
[Board "3"]
[White "Montalvo Rosario, Alejandro"]
[Black "Ssegwanyi, Arthur"]
[Result "0-1"]
[WhiteTitle "IM"]
[WhiteElo "2296"]
[BlackElo "2299"]
[WhiteTeam "Puerto Rico"]
[BlackTeam "Uganda"]
[WhiteFideId "3100260"]
[BlackFideId "10000100"]
[EventDate "2014.08.02"]

1. d4 e6 2. Nf3 c5 3. c4 Nf6 4. d5 exd5 5. cxd5 g6 6. Nc3 d6 7. g3 Bg7 8. Bg2
O-O 9. O-O a6 10. a4 Re8 11. Nd2 Nbd7 12. h3 Rb8 13. a5 b5 14. axb6 Nxb6 15. e4
Nh5 16. Kh2 h6 17. Re1 Kh7 18. Nf3 Nd7 19. g4 Nhf6 20. Qc2 Re7 21. Bf4 Ne8 22.
Re2 Ne5 23. Nxe5 Bxe5 24. Bxe5 Rxe5 25. f4 Re7 26. Rae1 Rb4 27. Qc1 f6 28. Kh1
Ng7 29. e5 fxe5 30. fxe5 Rxe5 31. Rxe5 dxe5 32. Rxe5 Qh4 33. Ne4 Bd7 34. Qxc5
Rb3 35. Qe7 Rxh3+ 36. Bxh3 Qxh3+ 37. Kg1 Qxg4+ 38. Kf2 Qf4+ 39. Ke2 Bb5+ 40. Ke1
Qxe5 0-1

[Event "Olimpiade 2014 - Open"]
[Site "Tromsø"]
[Date "11.08.2014"]
[Round "9.57"]
[Board "4"]
[White "Ssonko, Mathias Allan"]
[Black "Santana Otero, Orlando"]
[Result "1-0"]
[WhiteElo "2138"]
[BlackElo "2125"]
[WhiteTeam "Uganda"]
[BlackTeam "Puerto Rico"]
[WhiteFideId "10001301"]
[BlackFideId "3100090"]
[EventDate "2014.08.02"]

1. e4 c5 2. Nc3 Nc6 3. Bb5 Nd4 4. Bc4 g6 5. Nge2 Bg7 6. Nxd4 cxd4 7. Qf3 Nh6 8.
d3 dxc3 9. Bxh6 O-O 10. Bxg7 Kxg7 11. bxc3 Qc7 12. O-O d6 13. Qe2 Bd7 14. a4 Qa5
15. Qd2 Rac8 16. Rfb1 Rc7 17. h3 a6 18. Rb4 b5 19. Bb3 bxa4 20. Bxa4 Rfc8 21. c4
Rb8 22. c3 Rcb7 23. Qb2 Qc7 24. Bxd7 Qxd7 25. Rxa6 f6 26. Ra5 Rxb4 27. cxb4 Qc7
28. Ra4 h5 29. Qd4 Rb7 30. b5 h4 31. Ra8 g5 32. Qd5 Rb8 33. Rxb8 Qxb8 34. Qd4
Qa8 35. Qb2 Qa4 36. Qb1 Qa7 37. b6 Qb8 38. d4 Kf7 39. c5 dxc5 40. dxc5 Qb7 41.
c6 Qxc6 1-0

[Event "Olimpiade 2014 - Open"]
[Site "Tromsø"]
[Date "11.08.2014"]
[Round "9.58"]
[Board "1"]
[White "Liu, Yeh Yang"]
[Black "Nadir, Samir"]
[Result "0-1"]
[BlackTitle "CM"]
[WhiteElo "1920"]
[BlackElo "2141"]
[WhiteTeam "Chinese Taipei"]
[BlackTeam "Sudan"]
[WhiteFideId "16300416"]
[BlackFideId "12200085"]
[EventDate "2014.08.02"]

1. e4 c6 2. d4 d5 3. Nc3 dxe4 4. Nxe4 Bf5 5. Ng3 Bg6 6. Nf3 Nd7 7. Bc4 Ngf6 8.
O-O e6 9. Re1 Qc7 10. a4 Bd6 11. c3 O-O 12. Qe2 Rfe8 13. Ne5 c5 14. Bf4 Nd5 15.
Bxd5 exd5 16. Qb5 Bxe5 17. dxe5 Re6 18. Rad1 Qc6 19. Qb3 c4 20. Qa3 Nc5 21. Ne2
Nd3 22. Nd4 Qb6 23. Nxe6 Qxf2+ 24. Kh1 Nxe1 25. Qc5 Qxg2# 0-1

[Event "Olimpiade 2014 - Open"]
[Site "Tromsø"]
[Date "11.08.2014"]
[Round "9.58"]
[Board "2"]
[White "Ahmed, Abuzied"]
[Black "Yang Ching Wei, Austin"]
[Result "1/2-1/2"]
[WhiteElo "2154"]
[BlackElo "1883"]
[WhiteTeam "Sudan"]
[BlackTeam "Chinese Taipei"]
[WhiteFideId "12200590"]
[BlackFideId "16300440"]
[EventDate "2014.08.02"]

1. g3 Nf6 2. Bg2 e5 3. c4 d5 4. cxd5 Nxd5 5. Nf3 Nc6 6. O-O Be7 7. d4 exd4 8.
Nxd4 O-O 9. Nxc6 bxc6 10. Qa4 Bb7 11. Rd1 Qc8 12. e4 Nb6 13. Qc2 Qe6 14. Nc3
Rfd8 15. b3 c5 16. Bf4 Bd6 17. Bxd6 cxd6 18. Rd2 Rd7 19. Rad1 Rad8 20. Ne2 g5
21. Nc3 h6 22. Re2 c4 23. b4 a6 24. Red2 d5 25. exd5 Nxd5 26. Nxd5 Bxd5 27. Re2
Qc6 28. Bxd5 Rxd5 29. Rxd5 Qxd5 30. Qc3 Qc6 31. Re1 Rd3 32. Qe5 c3 33. Qe8+ Qxe8
34. Rxe8+ Kg7 35. Rc8 Rd1+ 36. Kg2 Rc1 37. Kf3 c2 38. Ke2 Rb1 39. Rxc2 Rxb4 40.
Kd3 Rb6 41. Ke4 Kf6 42. Kd5 Kf5 43. h3 h5 44. f3 f6 45. Rc5 Rb2 46. Ra5 Rh2 47.
g4+ hxg4 48. hxg4+ Kf4 1/2-1/2

[Event "Olimpiade 2014 - Open"]
[Site "Tromsø"]
[Date "11.08.2014"]
[Round "9.58"]
[Board "3"]
[White "Ho, Jei-Chen"]
[Black "Ahmed Holi Ali, Moawia"]
[Result "1-0"]
[BlackTitle "CM"]
[WhiteElo "1808"]
[BlackElo "2067"]
[WhiteTeam "Chinese Taipei"]
[BlackTeam "Sudan"]
[WhiteFideId "16300599"]
[BlackFideId "12200328"]
[EventDate "2014.08.02"]

1. d4 c5 2. d5 g6 3. c4 Bg7 4. Nc3 d6 5. e4 Nf6 6. Bd3 O-O 7. Nf3 Bg4 8. h3 Bxf3
9. Qxf3 Nbd7 10. O-O Nh5 11. Qe2 Ne5 12. Bc2 Qb6 13. g4 Nf6 14. f4 Ned7 15. e5
Ne8 16. e6 Bd4+ 17. Kg2 Ndf6 18. f5 gxf5 19. g5 Ne4 20. Nxe4 fxe6 21. Ng3 Ng7
22. dxe6 Qc6+ 23. Qf3 f4 24. Qxc6 bxc6 25. Bxf4 Nxe6 26. Bd2 Bxb2 27. Rab1 Rxf1
28. Rxf1 Be5 29. Nf5 Re8 30. Be4 Nd8 31. Nh6+ Kg7 32. Nf5+ Kg8 33. h4 e6 34.
Nh6+ Kg7 35. Ng4 Bd4 36. Nf6 Bxf6 37. gxf6+ Kf7 38. Bg5 h5 39. Bf3 d5 40. Bxh5+ 1-0

[Event "Olimpiade 2014 - Open"]
[Site "Tromsø"]
[Date "11.08.2014"]
[Round "9.58"]
[Board "4"]
[White "Abdel Wahab, Elkhatem"]
[Black "Liao, Jo-Kai"]
[Result "1-0"]
[WhiteElo "2093"]
[BlackElo "1606"]
[WhiteTeam "Sudan"]
[BlackTeam "Chinese Taipei"]
[WhiteFideId "12200239"]
[BlackFideId "16300343"]
[EventDate "2014.08.02"]

1. e4 c5 2. Nf3 d6 3. Bb5+ Bd7 4. Bxd7+ Qxd7 5. O-O Nc6 6. c3 g6 7. d4 cxd4 8.
cxd4 Bg7 9. Nc3 Nf6 10. Bg5 O-O 11. Qd2 Rfd8 12. Rad1 Rac8 13. h3 Qc7 14. Qf4
Qb6 15. Rd2 Nh5 16. Qh4 h6 17. Be3 Qa5 18. a3 Rd7 19. Qg4 Nf6 20. Qg3 Nh5 21.
Qh2 a6 22. g4 Nf6 23. Qg3 Rcd8 24. g5 Nh5 25. Qg4 hxg5 26. Bxg5 Bf6 27. h4 Bxg5
28. hxg5 Rc7 29. Nd5 Rcc8 30. Kg2 Kg7 31. Rh1 Rh8 32. Rdd1 Rcd8 33. Nf4 Nxf4+
34. Qxf4 Qb5 35. d5 Nb8 36. Ne5 f6 37. gxf6+ exf6 38. Ng4 Qxb2 39. Rxh8 Rxh8 40.
Qxd6 Re8 41. Qc7+ Kg8 42. Nh6+ Kh8 43. Rh1 f5 44. e5 1-0

[Event "Olimpiade 2014 - Open"]
[Site "Tromsø"]
[Date "11.08.2014"]
[Round "9.59"]
[Board "1"]
[White "Hasford, John Kojo"]
[Black "Elarbi, Abobker"]
[Result "0-1"]
[BlackTitle "FM"]
[WhiteElo "2055"]
[BlackElo "2283"]
[WhiteTeam "Ghana"]
[BlackTeam "Libya"]
[WhiteFideId "12600083"]
[BlackFideId "9200355"]
[EventDate "2014.08.02"]

1. d4 Nf6 2. Nf3 e6 3. g3 c5 4. c3 Nc6 5. Bg2 d5 6. O-O Be7 7. Bg5 cxd4 8. cxd4
Qb6 9. Bc1 O-O 10. Nc3 Rd8 11. Na4 Qb5 12. Nc3 Qa5 13. Bd2 a6 14. Rc1 Qb6 15.
Na4 Qa7 16. e3 Bd7 17. Ne5 Rac8 18. Nxd7 Nxd7 19. f4 b5 20. Nc3 Nf6 21. Qe2 Rc7
22. Nd1 Rdc8 23. Nf2 Qb6 24. Nd3 b4 25. Ne5 Bd6 26. g4 Ne7 27. g5 Rxc1 28. Bxc1
Bxe5 29. fxe5 Ne4 30. Qg4 Qb7 31. h4 Rc2 32. h5 g6 33. Bxe4 dxe4 34. hxg6 hxg6
35. Qd1 Qc6 36. Qe1 Nf5 37. Bd2 a5 38. a3 Rxb2 39. axb4 Qc2 40. bxa5 Qxd2 41.
Qxd2 Rxd2 42. Ra1 Rc2 43. a6 Rc8 44. Kf2 Ra8 45. Ke2 Ra7 46. Kd2 Kf8 47. Ra4 Ke8
48. Ra5 Ke7 49. Ke2 Kd7 50. d5 exd5 51. Rxd5+ Ke6 52. Ra5 Ne7 53. Kf2 Nc6 54.
Ra4 Kxe5 55. Kg3 Kf5 56. Rc4 Rxa6 0-1

[Event "Olimpiade 2014 - Open"]
[Site "Tromsø"]
[Date "11.08.2014"]
[Round "9.60"]
[Board "1"]
[White "Huguet, Sergio"]
[Black "Ferster, Fabian"]
[Result "1/2-1/2"]
[WhiteTitle "FM"]
[BlackTitle "CM"]
[WhiteElo "2055"]
[BlackElo "2137"]
[WhiteTeam "Honduras"]
[BlackTeam "Liechtenstein"]
[WhiteFideId "2212552"]
[BlackFideId "4695330"]
[EventDate "2014.08.02"]

1. e4 e6 2. d3 d5 3. Qe2 Be7 4. Nf3 c5 5. g3 Nc6 6. Bg2 Nf6 7. O-O O-O 8. e5 Ne8
9. Re1 Rb8 10. a4 a6 11. h4 b5 12. axb5 axb5 13. Bf4 Qb6 14. Nbd2 Nc7 15. c3 Ba6
16. Ng5 b4 17. Bf1 bxc3 18. bxc3 Qb2 19. Rec1 Ra8 20. Rab1 Qa3 21. Ra1 Qb2 22.
Rab1 Qa3 23. Ra1 1/2-1/2

[Event "Olimpiade 2014 - Open"]
[Site "Tromsø"]
[Date "11.08.2014"]
[Round "9.60"]
[Board "2"]
[White "Kobler, Mario"]
[Black "Medina Viana, Ricardo"]
[Result "1/2-1/2"]
[BlackTitle "CM"]
[WhiteElo "2113"]
[BlackElo "2063"]
[WhiteTeam "Liechtenstein"]
[BlackTeam "Honduras"]
[WhiteFideId "12000094"]
[BlackFideId "8400342"]
[EventDate "2014.08.02"]

1. c4 Nf6 2. Nf3 d6 3. g3 g6 4. Bg2 Bg7 5. Nc3 c6 6. O-O O-O 7. d3 a5 8. a3 h6
9. Rb1 Na6 10. b4 axb4 11. axb4 Bd7 12. Be3 Nc7 13. Qc1 Kh7 14. Ne1 Qc8 15. Bb6
Ra6 16. Bxc7 Qxc7 17. b5 Raa8 18. Nc2 Qc8 19. Rd1 Bh3 20. Bh1 c5 21. Ne3 e6 22.
b6 Ne8 23. Nb5 Ra6 24. Na7 Qb8 25. Nc2 Bg4 26. h3 Bxh3 27. Kh2 Bf5 28. e4 Bg4
29. f3 Bh5 30. g4 Rg8 1/2-1/2

[Event "Olimpiade 2014 - Open"]
[Site "Tromsø"]
[Date "11.08.2014"]
[Round "9.60"]
[Board "3"]
[White "Gavarrete, Nahun"]
[Black "Mannhart, Marcel"]
[Result "0-1"]
[BlackTitle "CM"]
[WhiteElo "2190"]
[BlackElo "2105"]
[WhiteTeam "Honduras"]
[BlackTeam "Liechtenstein"]
[WhiteFideId "8400709"]
[BlackFideId "12000108"]
[EventDate "2014.08.02"]

1. e4 g6 2. d4 Bg7 3. Nc3 d6 4. f4 a6 5. Nf3 b5 6. Bd3 Bb7 7. O-O Nd7 8. e5 Nh6
9. a4 b4 10. Ne2 a5 11. c3 bxc3 12. bxc3 O-O 13. Ng3 e6 14. Ba3 Nb6 15. Rb1 Bc6
16. exd6 cxd6 17. Ne4 Bxe4 18. Bxe4 Rb8 19. Bd3 Qc7 20. Rb5 Rfd8 21. c4 Nxc4 22.
Bxc4 Qxc4 23. Rxb8 Rxb8 24. Bxd6 Rd8 25. Bc5 Nf5 26. Re1 Nxd4 27. Bxd4 Bxd4+ 28.
Nxd4 Qxd4+ 29. Qxd4 Rxd4 30. g3 Rxa4 31. Kg2 Ra2+ 32. Kh3 Kg7 33. Re5 h5 34. g4
hxg4+ 35. Kxg4 a4 36. Ra5 a3 37. Kg3 Ra1 38. Kg2 Kf6 39. h3 a2 40. Kh2 Rf1 41.
Rxa2 Rxf4 42. Kg3 g5 43. Ra8 Kf5 44. Ra5+ e5 45. Rb5 f6 46. Ra5 Rd4 47. Rb5 Rd3+
48. Kg2 Kf4 49. Rb4+ e4 50. Ra4 Rd2+ 51. Kg1 f5 0-1

[Event "Olimpiade 2014 - Open"]
[Site "Tromsø"]
[Date "11.08.2014"]
[Round "9.60"]
[Board "4"]
[White "Guller, Andras"]
[Black "Deras Flores, Rodolfo"]
[Result "1/2-1/2"]
[WhiteTitle "CM"]
[WhiteElo "2042"]
[BlackElo "1904"]
[WhiteTeam "Liechtenstein"]
[BlackTeam "Honduras"]
[WhiteFideId "12000078"]
[BlackFideId "8400490"]
[EventDate "2014.08.02"]

1. e4 c5 2. Nf3 d6 3. d4 cxd4 4. Qxd4 Nc6 5. Bb5 a6 6. Bxc6+ bxc6 7. c4 c5 8.
Qd3 Bb7 9. Nc3 e6 10. O-O Nf6 11. Re1 Be7 12. b3 O-O 13. Bb2 Qc7 14. Rad1 Rad8
15. Qe2 h6 16. Nd2 g5 17. Nf1 Kh7 18. Ng3 Rg8 19. Qc2 Rg6 20. Qe2 Rdg8 21. f3 h5
22. e5 dxe5 23. Qxe5 Qxe5 24. Rxe5 h4 25. Nf5 Bd8 26. Nd6 Bc7 27. Ree1 g4 28. f4
Bf3 29. Ne2 Ba5 30. Nxf7 Bxe1 31. Ng5+ Rxg5 32. fxg5 Bf2+ 33. Kxf2 Ne4+ 34. Ke3
Bxe2 35. Rd7+ Kg6 36. Kxe4 Kxg5 37. Rc7 g3 38. hxg3 hxg3 39. Rxc5+ Kg4 40. Rc7
Bf1 41. Rg7+ Rxg7 42. Bxg7 Bxg2+ 43. Ke5 Bd5 44. Kd6 Be4 45. c5 Kf5 46. Bd4 Bb7
47. c6 Bxc6 48. Kxc6 e5 49. Bg1 Ke4 50. Kd6 a5 51. a3 Kd3 52. Kxe5 Kc3 53. b4
axb4 54. axb4 Kxb4 1/2-1/2

[Event "Olimpiade 2014 - Open"]
[Site "Tromsø"]
[Date "11.08.2014"]
[Round "9.61"]
[Board "1"]
[White "Salih, Akar Ali Salih"]
[Black "Bah, Ebrima"]
[Result "0-1"]
[WhiteTitle "FM"]
[WhiteElo "2315"]
[BlackElo "2070"]
[WhiteTeam "Iraq"]
[BlackTeam "Gambia"]
[WhiteFideId "4800575"]
[BlackFideId "21100039"]
[EventDate "2014.08.02"]

1. e4 e5 2. Nf3 Nc6 3. Bb5 a6 4. Ba4 Nf6 5. O-O b5 6. Bb3 Be7 7. Re1 O-O 8. d3
d6 9. c3 Bg4 10. h3 Bh5 11. Nbd2 Na5 12. Bc2 c5 13. Nf1 Qc7 14. g4 Bg6 15. Ng3
Nd7 16. h4 f6 17. h5 Bf7 18. g5 fxg5 19. Nxg5 Bxg5 20. Bxg5 Be6 21. Rc1 h6 22.
Bh4 Rf4 23. b4 Nb7 24. Bb3 c4 25. dxc4 bxc4 26. Nf5 Bxf5 27. Bg3 Rxe4 28. Qd5+
Kh8 29. Ba4 Rxe1+ 30. Rxe1 Nb6 31. Qf3 Nxa4 32. Qxf5 Nxc3 33. f4 e4 34. Bf2 d5
35. Bd4 Nb5 36. Be5 N5d6 37. Qg6 Kg8 38. Re2 Qf7 39. Qg4 Nf5 40. Rg2 e3 41. Qh3
d4 42. Rg6 Re8 43. Qg2 Re7 44. Rf6 e2 0-1

[Event "Olimpiade 2014 - Open"]
[Site "Tromsø"]
[Date "11.08.2014"]
[Round "9.61"]
[Board "3"]
[White "Mohammed, Zozek Salah Mohammed"]
[Black "Lemon, Eliman"]
[Result "1-0"]
[WhiteTitle "CM"]
[WhiteElo "2226"]
[BlackElo "1884"]
[WhiteTeam "Iraq"]
[BlackTeam "Gambia"]
[WhiteFideId "4803361"]
[BlackFideId "21100063"]
[EventDate "2014.08.02"]

1. Nf3 d5 2. d4 Nf6 3. c4 e6 4. Nc3 dxc4 5. g3 Be7 6. Bg2 O-O 7. O-O Nc6 8. e4
b6 9. Qa4 Bb7 10. Qxc4 Na5 11. Qe2 Qc8 12. Rd1 Ba6 13. Qe1 Rb8 14. Bf4 Nh5 15.
Bc1 Nf6 16. Bg5 h6 17. Bf4 Nh5 18. Be3 Nf6 19. Ne5 Bb7 20. Rac1 a6 21. Qe2 Rd8
22. Bf4 Bd6 23. Na4 Nd7 24. Qh5 Rf8 25. b4 b5 26. Nxd7 Qxd7 27. Nc5 Qe8 28. bxa5
Bxf4 29. gxf4 Bc8 30. Nb3 Qe7 31. Qc5 Bb7 32. Qxe7 1-0

[Event "Olimpiade 2014 - Open"]
[Site "Tromsø"]
[Date "11.08.2014"]
[Round "9.62"]
[Board "1"]
[White "Al-Hajiri, Bader"]
[Black "Hamal, Manish"]
[Result "1-0"]
[BlackTitle "FM"]
[WhiteElo "2123"]
[BlackElo "2068"]
[WhiteTeam "Kuwait"]
[BlackTeam "Nepal"]
[WhiteFideId "10300163"]
[BlackFideId "12300110"]
[EventDate "2014.08.02"]

1. e4 Nf6 2. e5 Nd5 3. d4 d6 4. Nf3 Nc6 5. c4 Nb6 6. e6 f6 7. Bd3 Nb4 8. Bf5 g6
9. Nh4 Bg7 10. d5 O-O 11. Nxg6 hxg6 12. Bxg6 f5 13. Qh5 Rf6 14. Qh7+ Kf8 15. Bh6 1-0

[Event "Olimpiade 2014 - Open"]
[Site "Tromsø"]
[Date "11.08.2014"]
[Round "9.62"]
[Board "2"]
[White "Rajbhandari, Rijendra"]
[Black "Shehab, Ibrahim"]
[Result "1-0"]
[WhiteElo "2061"]
[BlackElo "2036"]
[WhiteTeam "Nepal"]
[BlackTeam "Kuwait"]
[WhiteFideId "12300403"]
[BlackFideId "10300082"]
[EventDate "2014.08.02"]

1. d4 d5 2. c4 Nc6 3. cxd5 Qxd5 4. Nf3 e5 5. Nc3 Bb4 6. Bd2 Bxc3 7. Bxc3 e4 8.
Ne5 e3 9. f3 Be6 10. Nxc6 bxc6 11. Qd3 Qg5 12. Qe4 Ne7 13. g3 Nd5 14. Bh3 Qe7
15. Bxe6 fxe6 16. O-O O-O 17. f4 Rf6 18. Rf3 Raf8 19. Raf1 Qf7 20. Kg2 Qh5 21.
h3 Rg6 22. g4 Qh6 23. Be1 Rgf6 24. Bg3 g5 25. fxg5 Qxg5 26. h4 Qg6 27. Qxg6+
hxg6 28. Rxf6 Nxf6 29. Bxc7 Nxg4 30. Rxf8+ Kxf8 31. Bf4 Kf7 32. Kf3 Nf6 33. Bxe3
Nd5 34. Bd2 Kf6 35. e4 Nb6 36. Bg5+ Kf7 37. b3 Nd7 38. Ke3 e5 39. d5 Nb8 40. Bd8
cxd5 41. exd5 Ke8 42. Bc7 Nd7 43. Ke4 Nc5+ 44. Kxe5 Kd7 45. Bb8 a6 46. Kf6 Kc8
47. Bh2 Kd7 48. Kxg6 Ke7 49. h5 Nd7 50. h6 Nf8+ 51. Kg7 1-0